000 00377nam a2200157Ia 4500
008 230711s9999||||xx |||||||||||||| ||und||
041 _aENG
082 _a720
_bAR-P
100 _aArcher,Jeffrey
245 4 _aThe prodigal daughter
250 _a1st . Ed.
260 _c1993
_aNew Delhi
_bHarperCollins Publishers India
300 _a464
650 _aLiterature
942 _cBK
999 _c3426
_d3426